000 00924nam a2200217Ia 4500
003 Ost
005 20260507075028.0
008 260507s9999||||xx |||||||||||||| ||und||
040 _cfsecg
041 _aara
082 _a330
100 _aابراهيم، نادر محمد
_eمؤلف
245 0 _aالإستعداد القانوني لبدء الشحن البحري للبضائع الخطرة /
_c نادر محمد ابراهيم
260 _aالإسكندرية:
_bدار الفكر الجامعي,
_c2003
300 _a62 صفحة؛
_bإيضاحات ؛
_c24 سم
520 _aالمشكلة القانونية وحكمها وفقا لحكمي التحكيم، التعليق على المبادئ القانونية التي أرساها حكمي التحكيم، المرفقات
653 _aالبضائع
653 _aالشحن البحري
653 _aقانون البحري
942 _cكتاب
999 _c42364
_d42364